TIDY'S PHYSIOTHERAPY (Record no. 1207)
[ view plain ]
| 000 -LEADER | |
|---|---|
| fixed length control field | 00316nam a2200133Ia 4500 |
| 008 - FIXED-LENGTH DATA ELEMENTS--GENERAL INFORMATION | |
| fixed length control field | 150201s2008 xx 000 0 und d |
| 082 ## - DEWEY DECIMAL CLASSIFICATION NUMBER | |
| Classification number | 612 |
| Item number | T08P |
| 100 ## - MAIN ENTRY--PERSONAL NAME | |
| Personal name | PORTER,STUART |
| 245 ## - TITLE STATEMENT | |
| Title | TIDY'S PHYSIOTHERAPY |
| 250 ## - EDITION STATEMENT | |
| Edition statement | 14TH |
| 260 ## - PUBLICATION, DISTRIBUTION, ETC. (IMPRINT) | |
| Name of publisher, distributor, etc. | CHURCHILL |
| Place of publication, distribution, etc. | DELHI |
| Date of publication, distribution, etc. | 2008 |
| 650 ## - SUBJECT ADDED ENTRY--TOPICAL TERM | |
| Topical term or geographic name as entry element | ORTHOPAEDICS |
| 942 ## - ADDED ENTRY ELEMENTS (KOHA) | |
| Source of classification or shelving scheme | Dewey Decimal Classification |
| Koha item type | Books |
| Koha issues (borrowed), all copies | 10 |
| Withdrawn status | Lost status | Source of classification or shelving scheme | Damaged status | Not for loan | Collection code | Home library | Current library | Shelving location | Date acquired | Source of acquisition | Cost, normal purchase price | SGTU | Bill Number | Total Checkouts | Full call number | Barcode | Date last seen | Date last checked out | Bill Date | Koha item type |
|---|---|---|---|---|---|---|---|---|---|---|---|---|---|---|---|---|---|---|---|---|
| Dewey Decimal Classification | MEDICAL | SGT Medical Library | SGT Medical Library | Text Book | 07/01/2011 | U.B.S. DELHI | 495.00 | SGTU | 763 | 31 | 612 T08P | FM4596 | 07/12/2023 | 29/11/2023 | 07/01/2011 | Books | ||||
| Dewey Decimal Classification | MEDICAL | SGT Medical Library | SGT Medical Library | Text Book | 07/01/2011 | U.B.S. DELHI | 495.00 | SGTU | 763 | 1 | 612 T08P | FM4597 | 16/11/2022 | 16/11/2022 | 07/01/2011 | Books |